| Tag |
First Indicator |
Second Indicator |
Subfields |
| LEADER |
00000cam a22000001 4500 |
| 001 |
in00000033939 |
| 005 |
20151007063350.0 |
| 008 |
790416r19261878mau 00010 eng |
| 010 |
|
|
|a 26010697
|
| 035 |
|
|
|a (OCoLC)00184990
|
| 035 |
|
|
|9 AAD7229AM
|
| 040 |
|
|
|a DLC
|c DLC
|d TXA
|d UtOrBLW
|
| 049 |
|
|
|a TXAM
|c [29742]
|
| 050 |
0 |
0 |
|a PS1917
|b .E4
|
| 092 |
|
|
|a 814
|b H43e
|
| 100 |
1 |
|
|a Hearn, Lafcadio,
|d 1850-1904.
|
| 245 |
1 |
0 |
|a Editorials /
|c by Lafcadio Hearn, edited by Charles Woodward Hutson.
|
| 264 |
|
1 |
|a Boston,
|a New York :
|b Houghton Mifflin company,
|c 1926.
|
| 300 |
|
|
|a xx pages, 1 :
|b 356 pages ;
|c 22 cm.
|
| 336 |
|
|
|a text
|b txt
|2 rdacontent
|
| 337 |
|
|
|a unmediated
|b n
|2 rdamedia
|
| 338 |
|
|
|a volume
|b nc
|2 rdacarrier
|
| 500 |
|
|
|a First published in the New Orleans item, 1878-1881; and in the New Orleans Times-democrat, 1882-1887.
|
| 700 |
1 |
|
|a Hutson, Charles Woodward,
|d 1840-1936.
|
| 999 |
|
|
|a MARS
|
| 999 |
f |
f |
|s e6d728bd-06a5-33ba-a52f-d7932a478c72
|i 120c75d4-58a1-36bf-baf0-f77ea1314e1c
|t 0
|
| 952 |
f |
f |
|p ric
|a Texas A&M University
|b Rellis Campus
|c Joint Library Facility
|d Remote Storage
|t 0
|e PS1917 .E4
|h Library of Congress classification
|i unmediated -- volume
|m A14801258221
|
| 998 |
f |
f |
|a PS1917 .E4
|t 0
|l Remote Storage
|